Visualizzazione normale
Vista MARC
- Mallet David
di Personal Name
Records bibliografici associati: 1
001 - CONTROL NUMBER
- control field: 52862
003 - CONTROL NUMBER IDENTIFIER
- control field: IT-RoPau
005 - DATE AND TIME OF LATEST TRANSACTION
- control field: 20151203091401.0
008 - FIXED-LENGTH DATA ELEMENTS
- fixed length control field: 151203|| aca||aabn | a|a d
040 ## - CATALOGING SOURCE
- Original cataloging agency: IT-RoPau
- Transcribing agency: IT-RoPau
100 ## - HEADING--PERSONAL NAME
- Personal name: Mallet David
- Relator term: (soggetto)
- Miscellaneous information: Codice Soggetto SPICS: 31943
670 ## - SOURCE DATA FOUND
- Source citation: Work cat.: (IT-RoPau)107619: Madonna (Ciccone) Codice regista SPICS: 13281 52859, BLOUND AMBITION WORLD TOUR 90 BLOUND AMBITION WORLD TOUR 90 (Rif. Codice opera principale : 90059)